[Event "42. Zuercher Weihnachtsopen 2018"]
[Site "Zurich"]
[Date "2018.12.26"]
[Round "1"]
[White "Bluebaum, Matthias"]
[Black "Borner, Daniel"]
[Result "1-0"]
[WhiteElo "2611"]
[BlackElo "2141"]
[Annotator "RC"]
[PlyCount "57"]
[EventDate "2018.12.26"]
[EventCountry "SUI"]
[SourceTitle "playchess.com"]
[Source "ChessBase"]
[SourceQuality "1"]

1. d4 c5 2. d5 e5 3. e4 d6 4. Bb5+ Nd7 5. a4 g6 6. Nf3 Bg7 7. O-O Ne7 8. Nc3 O-O 9. Be2 h6 10. Nd2 f5 11. exf5 gxf5 12. f4 exf4 13. Nc4 Ne5 14. Bxf4 Nxc4 15. Bxc4 Ng6 16. Qd2 Nxf4 17. Qxf4 a6 18. Kh1 Qf6 19. Bd3 Qe5 20. Qf3 Bd7 21. Rae1 Qd4 22. Qg3 Rae8 23. Qxd6 Bc8 24. Rxe8 Rxe8 25. Ne2 Qe3 26. Ng3 Qg5 27. Qxc5 f4 28. Ne4 Qh4 29. d6 1-0

[Event "42. Zuercher Weihnachtsopen 2018"]
[Site "Zurich"]
[Date "2018.12.26"]
[Round "1"]
[White "Svane, Rasmus"]
[Black "Simon, Ralf-Axel"]
[Result "1-0"]
[WhiteElo "2596"]
[BlackElo "2075"]
[Annotator "ChessBase"]
[PlyCount "61"]
[EventDate "2018.12.26"]
[EventCountry "SUI"]
[SourceTitle "playchess.com"]
[Source "ChessBase"]
[SourceQuality "1"]

1. Nf3 d5 2. d4 Nf6 3. c4 c6 4. Nbd2 Bf5 5. Nh4 Be6 6. e3 c5 7. dxc5 Qa5 8. Qb3 Nbd7 9. Qxb7 Rb8 10. b4 Rxb7 11. bxa5 Nxc5 12. Ba3 Nce4 13. cxd5 Bxd5 14. Nxe4 Nxe4 15. Ba6 Rb8 16. O-O e6 17. Rab1 Rxb1 18. Rxb1 Kd7 19. Rb8 Nd6 20. Bc5 Ne8 21. Bb5+ Bc6 22. Bxa7 Bd6 23. Bxc6+ Kxc6 24. Rb6+ Kd7 25. Nf3 Bc7 26. Rb3 Nd6 27. Ne5+ Kc8 28. a6 f6 29. Nc6 Kd7 30. Bb8 Kxc6 31. a7 1-0

[Event "42. Zuercher Weihnachtsopen 2018"]
[Site "Zurich"]
[Date "2018.12.26"]
[Round "1"]
[White "Wagner, Dennis"]
[Black "Buehler, Michael"]
[Result "1/2-1/2"]
[WhiteElo "2576"]
[BlackElo "2154"]
[Annotator "ChessBase"]
[PlyCount "82"]
[EventDate "2018.12.26"]
[EventCountry "SUI"]
[SourceTitle "playchess.com"]
[Source "ChessBase"]
[SourceQuality "1"]

1. d4 d5 2. c4 e6 3. Nc3 Nf6 4. cxd5 exd5 5. Bg5 c6 6. Qc2 Be7 7. e3 Nbd7 8. Bd3 h6 9. Bh4 Nh5 10. Bxe7 Qxe7 11. O-O-O Nb6 12. h3 Be6 13. Nf3 Nf6 14. Kb1 O-O-O 15. Rc1 Kb8 16. Nd2 Rc8 17. Rhe1 Qd6 18. a4 Qb4 19. Qb3 Qxb3 20. Nxb3 Rc7 21. a5 Nc8 22. Nc5 Re8 23. b4 Nd6 24. Kb2 Bf5 25. Bxf5 Nxf5 26. b5 Nd6 27. bxc6 Rxc6 28. a6 Rec8 29. axb7 Nxb7 30. N3a4 Nxc5 31. Rxc5 Ne4 32. Rxd5 Rc2+ 33. Ka3 Rxf2 34. Rb1+ Ka8 35. Rd7 Nc3 36. Nxc3 Rxc3+ 37. Kb4 Rc8 38. Ra1 Rb2+ 39. Ka5 Rcb8 40. Rd6 Rxg2 41. e4 f6 1/2-1/2

[Event "42. Zuercher Weihnachtsopen 2018"]
[Site "Zurich"]
[Date "2018.12.26"]
[Round "1"]
[White "Vorobiov, Evgeny E."]
[Black "Thomaschke, Dirk"]
[Result "1-0"]
[WhiteElo "2567"]
[BlackElo "2148"]
[Annotator "ChessBase"]
[PlyCount "81"]
[EventDate "2018.12.26"]
[EventCountry "SUI"]
[SourceTitle "playchess.com"]
[Source "ChessBase"]
[SourceQuality "1"]

1. d4 d5 2. c4 e6 3. Nf3 c5 4. cxd5 exd5 5. g3 Nc6 6. Bg2 Nf6 7. O-O Be7 8. Nc3 O-O 9. dxc5 Bxc5 10. a3 Ne4 11. Bd2 Nxc3 12. Bxc3 d4 13. Bd2 Re8 14. Qc2 Bf8 15. Rfe1 g6 16. Rad1 Qb6 17. Qc1 Bf5 18. Bh6 Bg7 19. Bxg7 Kxg7 20. b4 Rad8 21. Qb2 Kg8 22. Rd2 Be4 23. Red1 Rd5 24. Ne1 Bxg2 25. Kxg2 a5 26. bxa5 Qxb2 27. Rxb2 Rxa5 28. Rd3 b5 29. Nf3 Ra4 30. Kf1 Ne5 31. Nxe5 Rxe5 32. Rb4 Ra6 33. Rbxd4 Rc6 34. e3 Rc1+ 35. Kg2 Rec5 36. Rd8+ Kg7 37. Rb8 Ra1 38. Rb7 Ra2 39. e4 Rc6 40. e5 Re2 41. Rf3 1-0

[Event "42. Zuercher Weihnachtsopen 2018"]
[Site "Zurich"]
[Date "2018.12.26"]
[Round "1"]
[White "Georgescu, Lena"]
[Black "Bauer, Christian"]
[Result "0-1"]
[WhiteElo "2162"]
[BlackElo "2646"]
[Annotator "RC"]
[PlyCount "138"]
[EventDate "2018.12.26"]
[EventCountry "SUI"]
[SourceTitle "playchess.com"]
[Source "ChessBase"]
[SourceQuality "1"]

1. e4 Nc6 2. Nf3 d6 3. d4 Nf6 4. Nc3 g6 5. h3 Bg7 6. Be3 O-O 7. Be2 a6 8. a4 b6 9. O-O e6 10. Re1 Bb7 11. Qd2 Ne7 12. e5 Nd7 13. exd6 cxd6 14. Bh6 Nf6 15. Bxg7 Kxg7 16. Qf4 Rc8 17. Bd3 h6 18. Ne4 Bxe4 19. Bxe4 Nxe4 20. Qxe4 Nd5 21. c3 Qf6 22. Nd2 Rfd8 23. g3 Qg5 24. Nf3 Qf5 25. Kg2 Qxe4 26. Rxe4 b5 27. axb5 axb5 28. Ra7 Ra8 29. Rb7 Rdb8 30. Rxb8 Rxb8 31. Re2 Ra8 32. Ne1 Ra2 33. Kf1 Ra1 34. Rd2 g5 35. Ke2 f5 36. Nf3 Kf6 37. Rd1 Ra2 38. Rd2 Nb6 39. b3 Ra3 40. Rb2 Nd5 41. Kd2 Ke7 42. Ne1 Ra1 43. Nd3 Nf6 44. c4 Ne4+ 45. Ke2 Kd7 46. Rc2 Ra3 47. Rb2 Kc7 48. Nb4 h5 49. Nc2 Ra8 50. Ne3 bxc4 51. bxc4 Ra3 52. Rc2 f4 53. gxf4 gxf4 54. Nd1 f3+ 55. Ke1 Ra1 56. Rb2 Nc3 57. Rd2 Rc1 58. c5 dxc5 59. dxc5 Kc6 60. Rd3 Rxd1+ 61. Rxd1 Nxd1 62. Kxd1 Kxc5 63. h4 Kd4 64. Kd2 Ke4 65. Kc3 Kf4 66. Kd4 e5+ 67. Kd3 e4+ 68. Kd2 e3+ 69. fxe3+ Kg3 0-1

[Event "42. Zuercher Weihnachtsopen 2018"]
[Site "Zurich"]
[Date "2018.12.26"]
[Round "1"]
[White "Akermann, Thomas"]
[Black "Narayanan.S.L"]
[Result "0-1"]
[WhiteElo "2145"]
[BlackElo "2575"]
[Annotator "ChessBase"]
[PlyCount "68"]
[EventDate "2018.12.26"]
[EventCountry "SUI"]
[SourceTitle "playchess.com"]
[Source "ChessBase"]
[SourceQuality "1"]

1. Nf3 d5 2. c4 d4 3. e3 Nc6 4. exd4 Nxd4 5. Nxd4 Qxd4 6. Nc3 c6 7. d3 Nh6 8. Be3 Qd8 9. g3 g6 10. Bg2 Bg7 11. d4 Nf5 12. d5 Nxe3 13. fxe3 cxd5 14. cxd5 Qb6 15. Qd2 O-O 16. O-O Bd7 17. Kh1 Rac8 18. Rae1 Be5 19. Nd1 Rc7 20. Be4 Rfc8 21. Re2 Qa6 22. Ref2 Bb5 23. Kg2 Bxf1+ 24. Rxf1 Qxa2 25. Nf2 Qxb2 26. Qa5 b6 27. Qa6 Qd2 28. Kf3 Rc1 29. Rd1 Rxd1 30. Qxc8+ Kg7 31. Nxd1 Qxd1+ 32. Kg2 Qe2+ 33. Kh3 f5 34. d6 Qg4+ 0-1

[Event "42. Zuercher Weihnachtsopen 2018"]
[Site "Zurich"]
[Date "2018.12.26"]
[Round "1"]
[White "Bischofberger, Dario"]
[Black "Kunin, Vitaly"]
[Result "0-1"]
[WhiteElo "2144"]
[BlackElo "2535"]
[Annotator "ChessBase"]
[PlyCount "98"]
[EventDate "2018.12.26"]
[EventCountry "SUI"]
[SourceTitle "playchess.com"]
[Source "ChessBase"]
[SourceQuality "1"]

1. Nf3 Nf6 2. c4 e6 3. b3 Be7 4. Bb2 O-O 5. g3 d5 6. Bg2 c5 7. cxd5 Nxd5 8. O-O Nc6 9. Nc3 Nc7 10. Ne1 Qd7 11. d3 b6 12. Nc2 Rb8 13. Rb1 Bb7 14. Qd2 Rfd8 15. Rfd1 h6 16. Ne1 Nd4 17. e4 Ba6 18. f4 Qe8 19. Kh1 f6 20. Qf2 Qh5 21. Rd2 Rd7 22. Nd1 Rbd8 23. Ne3 f5 24. Rbd1 b5 25. Bc3 Bb7 26. Ba5 Rf8 27. Bc3 Qe8 28. N3c2 e5 29. exf5 Nd5 30. Bxd4 exd4 31. Nf3 Rxf5 32. Re1 Rc7 33. Rde2 Qa8 34. Re5 Rf8 35. Qe2 Nc3 36. Qf2 Bf6 37. Re6 Bd5 38. Ra6 Qc8 39. Rxf6 Rxf6 40. b4 cxb4 41. Nxb4 Re6 42. Nxd5 Nxd5 43. Qxd4 Rxe1+ 44. Nxe1 Nf6 45. Nf3 Rc1+ 46. Ng1 Qc5 47. Qd8+ Kh7 48. d4 Qc3 49. Qe7 Qxd4 0-1

[Event "42. Zuercher Weihnachtsopen 2018"]
[Site "Zurich"]
[Date "2018.12.26"]
[Round "1"]
[White "Drechsler, Christoph"]
[Black "Martirosyan, Haik M."]
[Result "0-1"]
[WhiteElo "2139"]
[BlackElo "2607"]
[Annotator "RC"]
[PlyCount "110"]
[EventDate "2018.12.26"]
[EventCountry "SUI"]
[SourceTitle "playchess.com"]
[Source "ChessBase"]
[SourceQuality "1"]

1. Nf3 Nf6 2. d4 e6 3. Nbd2 d5 4. e3 c5 5. c3 Be7 6. Bd3 Nbd7 7. O-O O-O 8. Qe2 b6 9. e4 dxe4 10. Nxe4 cxd4 11. Nxd4 Bb7 12. Bg5 h6 13. Nxf6+ Nxf6 14. Bxf6 Bxf6 15. Be4 Bxe4 16. Qxe4 Bxd4 17. cxd4 Qd6 18. Rfd1 Rad8 19. Rd2 Qb4 20. Rad1 Rd5 21. a3 Qa4 22. f4 Rc8 23. h3 g6 24. Kh2 h5 25. Qd3 Rcd8 26. Qe3 Kg7 27. Qc3 Kg8 28. Qe3 Qd7 29. Kh1 Qe7 30. Kh2 Qf6 31. Kg1 Kg7 32. Qe4 Rc8 33. Qe3 b5 34. Qe4 a5 35. Qe3 a4 36. Qe4 b4 37. Qe3 b3 38. Qe4 h4 39. Kh1 Rc4 40. Qd3 Rc7 41. Qe4 Qf5 42. Qxf5 Rxf5 43. d5 exd5 44. Rxd5 Rxf4 45. R5d4 Rc4 46. Rxf4 Rxf4 47. Kh2 Kf6 48. Rd6+ Ke5 49. Ra6 Rc4 50. Ra7 f5 51. Ra6 g5 52. Ra5+ Ke4 53. Rb5 g4 54. hxg4 fxg4 55. Rh5 Kd3 0-1

[Event "42. Zuercher Weihnachtsopen 2018"]
[Site "Zurich"]
[Date "2018.12.27"]
[Round "2"]
[White "Bauer, Christian"]
[Black "Laurent-Paoli, Pierre"]
[Result "1-0"]
[WhiteElo "2646"]
[BlackElo "2320"]
[Annotator "RC"]
[PlyCount "141"]
[EventDate "2018.12.26"]
[EventCountry "SUI"]
[SourceTitle "playchess.com"]
[Source "ChessBase"]
[SourceQuality "1"]

1. Nf3 Nf6 2. d4 g6 3. Nbd2 d5 4. b4 Bg7 5. e3 O-O 6. c4 c6 7. Bb2 a5 8. b5 a4 9. Ba3 Re8 10. Be2 Bf5 11. Rc1 Qa5 12. bxc6 bxc6 13. cxd5 cxd5 14. Rc5 Qb6 15. O-O Bf8 16. Rb5 Qc7 17. Qa1 Rc8 18. Rc1 Qd8 19. Ne5 Nfd7 20. g4 Be6 21. Nd3 Nf6 22. h3 Ne4 23. Nxe4 Rxc1+ 24. Bxc1 dxe4 25. Nc5 Bd5 26. Qb1 Bc6 27. Rb2 e5 28. Nxe4 exd4 29. exd4 Nd7 30. Bf3 Rc8 31. Be3 Bd5 32. Rb5 Bc6 33. Rb2 Bd5 34. Qd1 Ba3 35. Rb5 Bc6 36. Rb1 Qa5 37. Ng5 Nf6 38. Qd3 Bxf3 39. Nxf3 Qd5 40. Qxa3 Qxf3 41. Qd6 Kg7 42. g5 Nd5 43. Qe5+ Kg8 44. Rb8 Rxb8 45. Qxb8+ Kg7 46. Qe5+ Kg8 47. a3 Kf8 48. Kh2 Kg8 49. Qg3 Qf5 50. Qb8+ Kg7 51. Qe5+ Kf8 52. Kg3 Qxe5+ 53. dxe5 Ke7 54. Kf3 Ke6 55. Ke4 Nc3+ 56. Kd3 Nb5 57. Bc1 Kd5 58. Bb2 Kc5 59. h4 Kd5 60. f3 Kc5 61. f4 Kd5 62. h5 Nc7 63. h6 Nb5 64. Ke3 Nc7 65. Kd3 Nb5 66. Bc1 Kc5 67. f5 Kd5 68. e6 Nd6 69. exf7 Nxf7 70. fxg6 Ne5+ 71. Kc3 1-0

[Event "42. Zuercher Weihnachtsopen 2018"]
[Site "Zurich"]
[Date "2018.12.27"]
[Round "2"]
[White "Martirosyan, Haik M."]
[Black "Hugentobler, Patrick"]
[Result "1-0"]
[WhiteElo "2607"]
[BlackElo "2213"]
[Annotator "RC"]
[PlyCount "59"]
[EventDate "2018.12.26"]
[EventCountry "SUI"]
[SourceTitle "playchess.com"]
[Source "ChessBase"]
[SourceQuality "1"]

1. e4 e6 2. d4 d5 3. Nd2 a6 4. Bd3 c5 5. dxc5 Bxc5 6. Ngf3 Nf6 7. Qe2 Nc6 8. c3 Qc7 9. O-O dxe4 10. Nxe4 Nxe4 11. Qxe4 Bd7 12. Bf4 Bd6 13. Bxd6 Qxd6 14. Rad1 Qc7 15. Qg4 g6 16. Qg5 Qd8 17. Qf4 Qe7 18. Qc7 Bc8 19. Qb6 Qd8 20. Qe3 Qe7 21. Be4 O-O 22. Bxc6 bxc6 23. Ne5 c5 24. Nc6 Qb7 25. Qxc5 Qxb2 26. Ne7+ Kg7 27. Qd4+ f6 28. Nxc8 Raxc8 29. Qd7+ Kh8 30. Rb1 1-0

[Event "42. Zuercher Weihnachtsopen 2018"]
[Site "Zurich"]
[Date "2018.12.27"]
[Round "2"]
[White "Narayanan.S.L"]
[Black "Zweifel, Richard"]
[Result "1-0"]
[WhiteElo "2575"]
[BlackElo "2187"]
[Annotator "ChessBase"]
[PlyCount "79"]
[EventDate "2018.12.26"]
[EventCountry "SUI"]
[SourceTitle "playchess.com"]
[Source "ChessBase"]
[SourceQuality "1"]

1. e4 c5 2. Nf3 e6 3. d4 cxd4 4. Nxd4 Nc6 5. Nc3 Qc7 6. Be3 a6 7. a3 Nf6 8. f4 d6 9. Qf3 Be7 10. O-O-O Nxd4 11. Bxd4 O-O 12. e5 Nd7 13. Bd3 dxe5 14. fxe5 Nxe5 15. Bxh7+ Kxh7 16. Qh5+ Kg8 17. Bxe5 Qa5 18. Qe2 b5 19. Bxg7 Bg5+ 20. Kb1 Kxg7 21. Qg4 b4 22. Rd5 exd5 23. Qxg5+ Kh8 24. Rf1 f5 25. Qh6+ Kg8 26. Qg6+ Kh8 27. Rf3 f4 28. g4 Bxg4 29. Qh6+ Kg8 30. Qg5+ Kh8 31. Qh4+ Kg7 32. Qxg4+ Kf6 33. Rxf4+ Ke5 34. Qg5+ Ke6 35. Qh6+ Ke5 36. Rxf8 Rxf8 37. Qxf8 bxc3 38. Qg7+ Ke4 39. Qxc3 Qb6 40. Qb4+ 1-0

[Event "42. Zuercher Weihnachtsopen 2018"]
[Site "Zurich"]
[Date "2018.12.27"]
[Round "2"]
[White "Istratescu, Andrei"]
[Black "Curien, Nicolas"]
[Result "1-0"]
[WhiteElo "2564"]
[BlackElo "2209"]
[Annotator "RC"]
[PlyCount "41"]
[EventDate "2018.12.26"]
[EventCountry "SUI"]
[SourceTitle "playchess.com"]
[Source "ChessBase"]
[SourceQuality "1"]

1. d4 e6 2. Nf3 d5 3. c4 Nf6 4. Nc3 Bb4 5. cxd5 exd5 6. Bg5 h6 7. Bh4 g5 8. Bg3 Bf5 9. e3 c6 10. Bd3 Ne4 11. Bxe4 Bxe4 12. O-O Bf5 13. Qb3 Qe7 14. Na4 O-O 15. Nc5 Bxc5 16. dxc5 Qxc5 17. Qxb7 Qb6 18. Qe7 c5 19. Bd6 Nd7 20. Ne5 Rfe8 21. Qxf7+ 1-0

[Event "42. Zuercher Weihnachtsopen 2018"]
[Site "Zurich"]
[Date "2018.12.27"]
[Round "2"]
[White "Kunin, Vitaly"]
[Black "Madiai, Federico"]
[Result "1-0"]
[WhiteElo "2535"]
[BlackElo "2238"]
[Annotator "ChessBase"]
[PlyCount "53"]
[EventDate "2018.12.26"]
[EventCountry "SUI"]
[SourceTitle "playchess.com"]
[Source "ChessBase"]
[SourceQuality "1"]

1. d4 d5 2. Nf3 Nf6 3. c4 e6 4. Bg5 dxc4 5. e3 b5 6. Be2 Bb7 7. O-O a6 8. a4 Nbd7 9. Nc3 c6 10. e4 b4 11. e5 bxc3 12. exf6 gxf6 13. Bh4 cxb2 14. Rb1 c5 15. Bxc4 cxd4 16. Rxb2 Bxf3 17. Qxf3 Ne5 18. Qb7 Bg7 19. f4 Nxc4 20. Qc6+ Qd7 21. Qxa8+ Ke7 22. Rb8 Rxb8 23. Qxb8 Qc6 24. Rc1 Qb6 25. Qc8 d3+ 26. Bf2 d2 27. Bc5+ 1-0

[Event "42. Zuercher Weihnachtsopen 2018"]
[Site "Zurich"]
[Date "2018.12.27"]
[Round "2"]
[White "Florescu, Codrut-Constantin"]
[Black "Bluebaum, Matthias"]
[Result "0-1"]
[WhiteElo "2284"]
[BlackElo "2611"]
[Annotator "ChessBase"]
[PlyCount "56"]
[EventDate "2018.12.26"]
[EventCountry "SUI"]
[SourceTitle "playchess.com"]
[Source "ChessBase"]
[SourceQuality "1"]

1. Nf3 d5 2. b3 Bg4 3. Bb2 Nd7 4. e3 Ngf6 5. h3 Bh5 6. g4 Bg6 7. Nh4 e5 8. Nxg6 hxg6 9. Bg2 c6 10. Qe2 Bd6 11. Nc3 Qe7 12. O-O-O g5 13. Kb1 Nf8 14. d4 Ng6 15. dxe5 Bxe5 16. Rhe1 O-O 17. Qd3 Nd7 18. Rf1 b5 19. Qd2 b4 20. Ne2 Bxb2 21. Kxb2 a5 22. Nd4 Nh4 23. Bh1 Ra6 24. f4 a4 25. fxg5 Ne5 26. Qf2 axb3 27. axb3 Rfa8 28. Rb1 Nd3+ 0-1

[Event "42. Zuercher Weihnachtsopen 2018"]
[Site "Zurich"]
[Date "2018.12.27"]
[Round "2"]
[White "Todorovic, Nenad I"]
[Black "Svane, Rasmus"]
[Result "0-1"]
[WhiteElo "2262"]
[BlackElo "2596"]
[Annotator "ChessBase"]
[PlyCount "45"]
[EventDate "2018.12.26"]
[EventCountry "SUI"]
[SourceTitle "playchess.com"]
[Source "ChessBase"]
[SourceQuality "1"]

1. e4 e6 2. d4 d5 3. Nd2 c5 4. exd5 Qxd5 5. Ngf3 cxd4 6. Bc4 Qd7 7. O-O Nc6 8. Nb3 a6 9. Nbxd4 Nxd4 10. Qxd4 Qxd4 11. Nxd4 Bd7 12. Bf4 Rc8 13. Bb3 Bc5 14. Rad1 Nf6 15. Be5 Ng4 16. Bg3 h5 17. h3 Nh6 18. Bf4 Bxd4 19. Rxd4 Nf5 20. Rd2 Ke7 21. Rfd1 Bc6 22. c3 h4 23. f3 0-1

[Event "42. Zuercher Weihnachtsopen 2018"]
[Site "Zurich"]
[Date "2018.12.27"]
[Round "2"]
[White "Wyss, Thomas"]
[Black "Vorobiov, Evgeny E."]
[Result "1/2-1/2"]
[WhiteElo "2233"]
[BlackElo "2567"]
[Annotator "ChessBase"]
[PlyCount "95"]
[EventDate "2018.12.26"]
[EventCountry "SUI"]
[SourceTitle "playchess.com"]
[Source "ChessBase"]
[SourceQuality "1"]

1. e4 c5 2. Nc3 e6 3. Nge2 Nc6 4. d4 cxd4 5. Nxd4 Qc7 6. Be2 a6 7. O-O Nf6 8. Be3 Be7 9. f4 d6 10. Qe1 O-O 11. Qg3 Nxd4 12. Bxd4 b5 13. a3 Bb7 14. Rad1 Rad8 15. Bf3 Rfe8 16. Rfe1 Rd7 17. Kh1 g6 18. Qf2 e5 19. Bb6 Qc8 20. fxe5 dxe5 21. Nd5 Nxd5 22. exd5 Bf8 23. Qg3 Bg7 24. d6 e4 25. Bg4 f5 26. Qb3+ Kh8 27. Be2 Qc6 28. Bc7 Be5 29. c4 bxc4 30. Bxc4 Rxc7 31. dxc7 Qxc7 32. Bd5 Bc8 33. Bf7 Rf8 34. Be6 Qe7 35. Bxc8 Rxc8 36. Rd5 Rb8 37. Qe3 Rxb2 38. Red1 Rb7 39. Qh6 Rb8 40. h3 Bg7 41. Qf4 Rf8 42. Rd7 Qxa3 43. Rxg7 Kxg7 44. Rd7+ Kg8 45. Qe5 Qc1+ 46. Kh2 Qh6 47. Qe6+ Kh8 48. Qe5+ 1/2-1/2

[Event "42. Zuercher Weihnachtsopen 2018"]
[Site "Zurich"]
[Date "2018.12.27"]
[Round "3"]
[White "Bluebaum, Matthias"]
[Black "Krishna, C R G"]
[Result "1/2-1/2"]
[WhiteElo "2611"]
[BlackElo "2464"]
[Annotator "TA"]
[PlyCount "64"]
[EventDate "2018.12.26"]
[EventCountry "SUI"]
[SourceTitle "playchess.com"]
[Source "ChessBase"]
[SourceQuality "1"]

{[%evp 19,64,59,43,42,47,50,46,44,64,14,23,27,17,4,21,15,18,16,18,-22,-23,-27,-22,-37,-12,-12,-12,-10,-9,-16,0,0,0,0,0,0,0,0,0,0,0,0,0,0,0,0,0]} 1. d4 {Huebner,R} d5 2. c4 c6 3. Nc3 Nf6 4. e3 a6 5. Nf3 Bf5 6. cxd5 {D15: Slav Defence: 4 Nc3 a6 and gambit lines after 4 Nc3 dxc4} cxd5 7. Ne5 h6 8. Qb3 Ra7 9. Bd2 e6 10. Rc1 Nbd7 {LiveBook: 18 Games} 11. Bb5 Bd6 ({Not} 11... axb5 $2 12. Nxb5 Bc5 13. Nxd7 $18 (13. dxc5 Nxe5 14. Nxa7 Nd3+ 15. Ke2 Nd7 $15) (13. Rxc5 Nxc5 14. dxc5 Ra6 $16)) 12. Bxd7+ Nxd7 13. Nxd7 Kxd7 {[#]} 14. Na4 $146 b5 $1 {[%cal Rb5a4]} 15. Nc5+ Ke7 {[%cal Bd7e7,Be7f8,Bf8g8][%mdl 32]} 16. f3 {[%cal Bf2f3,Bf3e4][%mdl 32]} Re8 17. e4 dxe4 $1 18. fxe4 Bg6 19. Qc3 {[#] Black must now prevent e5.} Kf8 20. O-O Kg8 21. Bf4 Rc7 {Strongly threatening ...e5!} 22. Bxd6 {The position is equal.} Qxd6 23. Qe3 a5 24. a3 Rec8 25. b4 axb4 26. axb4 Ra8 27. Ra1 $36 {[%mdl 2048] White has some pressure.} Rca7 28. Rxa7 Rxa7 29. h3 Ra2 30. Rf2 Ra1+ 31. Rf1 Ra2 32. Rf2 Ra1+ {Precision: White = 77%, Black = 76%.} 1/2-1/2

[Event "42. Zuercher Weihnachtsopen 2018"]
[Site "Zurich"]
[Date "2018.12.27"]
[Round "3"]
[White "Svane, Rasmus"]
[Black "Kurmann, Oliver"]
[Result "1-0"]
[WhiteElo "2596"]
[BlackElo "2447"]
[Annotator "ChessBase"]
[PlyCount "67"]
[EventDate "2018.12.26"]
[EventCountry "SUI"]
[SourceTitle "playchess.com"]
[Source "ChessBase"]
[SourceQuality "1"]

1. d4 Nf6 2. c4 e6 3. g3 d5 4. Bg2 Bb4+ 5. Nd2 O-O 6. Ngf3 b6 7. O-O Bb7 8. b3 c5 9. Bb2 Nc6 10. cxd5 exd5 11. dxc5 Bxc5 12. Ne1 Bd4 13. Bxd4 Nxd4 14. Ndf3 Ne6 15. Rc1 Ne4 16. Nd4 Qf6 17. Nxe6 Qxe6 18. Qd4 Rac8 19. Nd3 g5 20. Rfe1 h6 21. Bf3 f6 22. Qb2 Kg7 23. Rxc8 Rxc8 24. Rc1 Qd7 25. Rxc8 Qxc8 26. Qa3 Nd2 27. Qe7+ Kg6 28. Bh5+ Kxh5 29. Qf7+ Kg4 30. h3+ Kf5 31. g4+ Ke4 32. Qe7+ Kd4 33. Qxf6+ Ke4 34. Qe5# 1-0

[Event "42. Zuercher Weihnachtsopen 2018"]
[Site "Zurich"]
[Date "2018.12.27"]
[Round "3"]
[White "Le, Tuan Minh"]
[Black "Bauer, Christian"]
[Result "1/2-1/2"]
[WhiteElo "2515"]
[BlackElo "2646"]
[Annotator "RC"]
[PlyCount "83"]
[EventDate "2018.12.26"]
[EventCountry "SUI"]
[SourceTitle "playchess.com"]
[Source "ChessBase"]
[SourceQuality "1"]

1. Nf3 c5 2. c4 Nc6 3. Nc3 g6 4. g3 Bg7 5. Bg2 b6 6. O-O Bb7 7. e3 Bxc3 8. dxc3 Nf6 9. Qe2 d6 10. e4 Qc7 11. Rd1 h6 12. Bf4 O-O-O 13. b4 g5 14. Bd2 Nd7 15. a4 g4 16. Ne1 Nde5 17. a5 h5 18. axb6 axb6 19. Bf4 h4 20. Nc2 Nf3+ 21. Bxf3 gxf3 22. Qxf3 f5 23. bxc5 bxc5 24. Ne3 e6 25. Rdb1 hxg3 26. fxg3 Qh7 27. Rb2 fxe4 28. Qg4 Qg8 29. Rab1 Qxg4 30. Nxg4 Ba8 31. Nf6 e3 32. Ne4 Kc7 33. Nxc5 Rde8 34. Ne4 Ne5 35. Bxe5 dxe5 36. Nf6 Rd8 37. Ng4 Rd2 38. Nxe3 Rhxh2 39. Rxd2 Rxd2 40. Re1 Bf3 41. g4 Kd6 42. g5 1/2-1/2

[Event "42. Zuercher Weihnachtsopen 2018"]
[Site "Zurich"]
[Date "2018.12.27"]
[Round "3"]
[White "Fedorovsky, Michael"]
[Black "Martirosyan, Haik M."]
[Result "0-1"]
[WhiteElo "2463"]
[BlackElo "2607"]
[Annotator "TA"]
[PlyCount "78"]
[EventDate "2018.12.26"]
[EventCountry "SUI"]
[SourceTitle "playchess.com"]
[Source "ChessBase"]
[SourceQuality "1"]

{[%evp 19,78,9,15,-5,-9,-5,-5,-3,0,-16,-9,-6,0,-16,0,-14,39,-10,-4,-7,0,-8,0,0,0,-25,-29,-23,0,-20,-19,-18,4,0,0,-8,-8,-8,-8,-13,0,0,16,17,18,-54,-72,-117,-108,-241,-237,-965,-253,-240,-242,-247,-250,-231,-236,-749,-749]} 1. d4 Nf6 2. c4 e6 3. Nc3 Bb4 4. e3 b6 5. Bd2 Bb7 6. Nf3 Bxc3 7. Bxc3 Ne4 8. Rc1 d6 9. Bd3 Nd7 10. O-O O-O {LiveBook: 6 Games} 11. b4 {E21: Nimzo-Indian: 4 Nf3} (11. Be1 Qe7 12. Nd2 Nxd2 13. Bxd2 c5 14. Qe2 Rac8 15. Bc3 f5 16. f3 Rf7 17. e4 cxd4 18. Bxd4 e5 {1-0 (43) Harsha,B (2465)-Zakhartsov,V (2539) Pardubice 2018}) 11... Nxc3 12. Rxc3 a5 $146 ({Predecessor:} 12... c5 13. bxc5 dxc5 14. Nd2 cxd4 15. exd4 e5 16. dxe5 Nxe5 17. Be4 Qd4 18. Re3 Rad8 {0-1 (40) Pavic,J (2131)-Blazeka,M (2336) Zagreb 2016}) 13. a3 {The position is equal.} Nf6 14. c5 axb4 15. axb4 Qd7 16. Qe2 Be4 17. Rfc1 Nd5 ({Black should play} 17... Bxd3 $11 18. Rxd3 Qb5) 18. Rb3 Bxd3 19. Qxd3 Ra2 20. g3 f5 21. cxd6 cxd6 22. Qc4 h6 23. b5 Qf7 24. Rc2 Ra7 {[%cal Ba2a7,Ba7c7,Bc7f7][%mdl 32]} 25. Rb1 Qg6 {[#] White must now prevent ...f4.} 26. Rbc1 f4 {Threatens to win with ...fxg3.} 27. exf4 Rxf4 28. Ne1 $1 Rc7 $36 {[%mdl 2048] Black has some pressure.} 29. Qa4 Rcf7 30. Ng2 Re4 31. Rc8+ Kh7 32. Qa8 (32. Qc2 $11 Nb4 33. Qb1) 32... Qf6 $1 $15 {[%cal Rf6f2]} 33. f4 g5 34. R8c2 (34. Rg8 $17 {might work better.}) 34... gxf4 $19 35. Nxf4 $2 (35. Rf2) 35... Qxd4+ $2 (35... Rxf4 36. gxf4 Qxf4) 36. Kh1 Nxf4 37. gxf4 Rexf4 {[#] ( -> ...Rf1+)} 38. Rg1 {[%csl Gg1][%cal Ra8g8]} Rg4 {[%csl Gd4][%cal Rg4g1]} 39. Rcc1 $2 (39. Rcg2 Rgg7 40. Rxg7+ Rxg7 41. Rxg7+ Kxg7 42. Qg2+ Kf6 43. Qf3+ Ke5 44. Qh5+ Ke4 45. Qxh6) 39... d5 {Accuracy: White = 26%, Black = 43%.} 0-1

[Event "42. Zuercher Weihnachtsopen 2018"]
[Site "Zurich"]
[Date "2018.12.27"]
[Round "3"]
[White "Loetscher, Roland"]
[Black "Kunin, Vitaly"]
[Result "0-1"]
[WhiteElo "2428"]
[BlackElo "2535"]
[Annotator "ChessBase"]
[PlyCount "90"]
[EventDate "2018.12.26"]
[EventCountry "SUI"]
[SourceTitle "playchess.com"]
[Source "ChessBase"]
[SourceQuality "1"]

1. d4 d6 2. Nf3 Bg4 3. g3 Bxf3 4. exf3 e6 5. Bg2 c6 6. O-O g6 7. f4 Bg7 8. Re1 Ne7 9. Qd3 O-O 10. Nd2 Nd7 11. Nf3 a5 12. Bd2 a4 13. Rad1 Nf6 14. c4 d5 15. c5 b6 16. Bb4 bxc5 17. Bxc5 Nd7 18. Ba3 Re8 19. Ne5 Nxe5 20. fxe5 Bf8 21. Rc1 Qb6 22. Bxe7 Bxe7 23. Rc2 c5 24. dxc5 Bxc5 25. Kf1 Ra5 26. f4 Rb5 27. Rb1 Rb8 28. Bf3 Bd4 29. b3 axb3 30. Rxb3 Rxb3 31. axb3 Qxb3 32. Qxb3 Rxb3 33. Kg2 Kg7 34. h4 Bc3 35. Ra2 d4 36. Bd1 Rb1 37. Be2 Be1 38. h5 Rb3 39. hxg6 d3 40. Bf3 d2 41. Ra1 hxg6 42. g4 Rc3 43. Rd1 Rc4 44. f5 gxf5 45. gxf5 exf5 0-1